000 01290nam a22004217a 4500
001 BR7406435
003 BR-BrBNA
005 20230928084642.0
007 ta
008 230509b bl.||||| |||| 00| 0 por d
040 _aBR-BrBNA
_bpor
_cBiblioteca Nacional de Agricultura
041 _a(Por)
072 _aQ10; F00; E70
_b1160
_b1120
_b1126
_b1116
_b9130
_b/G514
090 _ 1160 BR7406435
110 1 _aCentro de Treinamento em Desenvolvimento Economico, Fortaleza, CE (Brasil)
_91678
245 1 _aFRUPISA Frutas do Piaui S.A. [caju, manga, abacaxi, goiaba, fisiografia, desenvolvimento economico, Brasil]
_b1. Curso Regular sobre Formulacao e Avaliacao de Projetos
260 3 _aFortaleza, CE (Brasil):
_c[nd].
300 _a285 p.
500 _aSummary (Por); Published 1973?
650 _aPROJETO INDUSTRIAL
650 _aDESENVOLVIMENTO ECONOMICO
650 _aINDUSTRIA ALIMENTICIA
650 _aMERCADO
650 _aESTATISTICA DE PRODUCAO
650 _aSUCO
650 _aDOCE
650 _aORCAMENTO
650 _aCUSTO
650 _aFINANCIAMENTO
650 _aCAJU
650 _aMANGA
650 _aABACAXI
650 _aGOIABA
650 _aMECANIZACAO INDUSTRIAL
650 _aPIAUI
909 _a202309
_bLucia
_c55
_dLucia Elande
942 _cBK
999 _c20284
_d20284